Siger de Brabant: quaestiones in metaphisicam

保存先:
書誌詳細
第一著者: Maurer, Armand (autor)
フォーマット: 図書
言語:フランス語
出版事項: Lovaina Institut Superieur de Philosophie 1983
シリーズ:Philosophes Medievaux, 25
主題:
タグ: タグ追加
タグなし, このレコードへの初めてのタグを付けませんか!

MARC

LEADER 00000nam a2200000 a 4500
001 UCY4997
003 CL-VaPUC
008 950410e19830000BE |||||||||||||||||fre|d
082 0 4 |a 189.4  |b MAU  |2 21 
100 |a Maurer, Armand  |e autor  |9 333558 
245 1 0 |a Siger de Brabant: quaestiones in metaphisicam 
300 |a 479 p 
942 |c BK 
945 |d 19950410 00:00:00  |a rbrito 
260 |a Lovaina  |b Institut Superieur de Philosophie  |c 1983 
650 0 |a Filosofía medieval  |9 256245 
650 7 |a METAFISICA CRITICA E INTERPRETACION  |2 CL-VaPUC  |9 333559 
583 |a last modification  |c 20181001 02:21:51  |k Rodrigo Vera 
490 0 |a Philosophes Medievaux, 25 
999 |c 232735  |d 232733 
952 |0 0  |1 0  |4 0  |6 189_400000000000000_MAU_1983  |7 0  |8 P  |9 237595  |a BIBEDU  |b BIBEDU  |c BIBEDU_PB  |d 2019-11-15  |i 3073777  |o 189.4 MAU 1983  |p 3073777  |r 2024-01-25  |w 2019-11-15  |y BK  |k FIL